| 000 | 00846nam a2200229 a 4500 | ||
|---|---|---|---|
| 001 | 000040392 | ||
| 005 | 20201002034114.0 | ||
| 008 | 130823s2005 dr a r 000 0 spa d | ||
| 020 | _z9945852531 | ||
| 040 |
_aDO-SdBNP _bspa _cBNPHU |
||
| 082 |
_a150.19 _bS237d, 2005 |
||
| 100 | 1 |
_aSantos, Domingo de los, _d1971- _964984 |
|
| 245 | 1 | 0 |
_aDe la antigüedad a la postmodernidad : _blas principales ideas filosóficas y sus contextos / _cDomingo de los Santos. |
| 250 | _a2ª ed. | ||
| 260 |
_aSanto Domingo : _bImpresos Paulino, _c2005. |
||
| 300 |
_a306 p. : _bil. ; _c21 cm. |
||
| 500 | _aIncluye datos biográficos del autor en la solapa de la cubierta. | ||
| 504 | _aBibliografía : p. 301-306. | ||
| 590 | _aInventariado, 2018/LP | ||
| 650 | 4 |
_aFilosofía _xEnsayos, conferencias, etc. _933791 |
|
| 910 | _aValidado. Control de calidad. EMS | ||
| 999 |
_c39882 _d39882 |
||